[Event "DEN-chT 2425 62nd"]
[Site "Denmark"]
[Date "2025.03.30"]
[Round "9.7"]
[White "Pedersen, Nicolai Vesterbaek"]
[Black "Percivaldi, Martin"]
[Result "0-1"]
[WhiteElo "2344"]
[BlackElo "2387"]
[PlyCount "70"]
[EventDate "2024.11.02"]
[EventType "team-tourn"]
[EventRounds "9"]
[EventCountry "DEN"]
[SourceTitle "CB16_2025"]
[SourceDate "2025.04.16"]
[SourceVersion "1"]
[SourceVersionDate "2025.04.16"]
[SourceQuality "1"]
[WhiteTeam "Skanderborg Nordea"]
[BlackTeam "Hillerod"]
[WhiteTeamCountry "DEN"]
[BlackTeamCountry "DEN"]

1. c4 e6 2. Nc3 d5 3. d4 c6 4. e4 dxe4 5. Nxe4 Bb4+ 6. Nc3 c5 7. a3 Ba5 8. Nf3 Nf6 9. Be3 cxd4 10. Qxd4 Qxd4 11. Bxd4 Nc6 12. Bxf6 gxf6 13. b4 Bc7 14. Nb5 Bb8 15. 0-0-0 a5 16. bxa5 Nxa5 17. Kb2 Ke7 18. Be2 Bd7 19. Rd2 Rc8 20. Rhd1 Be8 21. Rd4 Ra6 22. Rh4 Rac6 23. Kc3 Rc5 24. a4 Bxb5 25. axb5 Rxb5 26. Rxh7 Be5+ 27. Nxe5 Rxe5 28. Rd2 Nxc4 29. Bxc4 b5 30. Rh4 Rec5 31. Kb4 bxc4 32. Rc2 c3 33. Rh3 R5c7 34. Kb5 Rb7+ 35. Ka6 Rb1 0-1

[Event "DEN-chT 2425 62nd"]
[Site "Denmark"]
[Date "2025.01.26"]
[Round "6.6"]
[White "Rewitz, Jan"]
[Black "Pedersen, Nicolai Vesterbaek"]
[Result "0-1"]
[WhiteElo "2071"]
[BlackElo "2344"]
[PlyCount "54"]
[EventDate "2024.11.02"]
[EventType "team-tourn"]
[EventRounds "9"]
[EventCountry "DEN"]
[SourceTitle "CB16_2025"]
[SourceDate "2025.04.16"]
[SourceVersion "1"]
[SourceVersionDate "2025.04.16"]
[SourceQuality "1"]
[WhiteTeam "Nordre"]
[BlackTeam "Skanderborg Nordea"]
[WhiteTeamCountry "DEN"]
[BlackTeamCountry "DEN"]

1. d4 Nf6 2. Nf3 g6 3. c4 Bg7 4. Nc3 0-0 5. e4 d6 6. Be2 e5 7. 0-0 Bg4 8. Be3 Bxf3 9. Bxf3 exd4 10. Bxd4 Nc6 11. Be3 Nd7 12. Qd2 Bxc3 13. Qxc3 Re8 14. Rfe1 Qf6 15. Qd2 Nc5 16. Bg5 Qd4 17. Qxd4 Nxd4 18. Rad1 Nxf3+ 19. gxf3 f5 20. b4 Na4 21. Bf6 Re6 22. e5 Rae8 23. f4 Nb2 24. Rb1 Nd3 25. Re3 Nxf4 26. exd6 cxd6 27. Bd4 Ne2+ 0-1

[Event "DEN-chT 2324 61st"]
[Site "Denmark"]
[Date "2023.11.26"]
[Round "3.4"]
[White "Schwarz, Frank"]
[Black "Pedersen, Nicolai Vesterbaek"]
[Result "0-1"]
[WhiteElo "2226"]
[BlackElo "2341"]
[PlyCount "118"]
[EventDate "2023.10.28"]
[EventType "team-tourn"]
[EventRounds "9"]
[EventCountry "DEN"]
[SourceTitle "CBM 219 Extra"]
[Source "ChessBase"]
[SourceDate "2024.05.31"]
[SourceVersion "1"]
[SourceVersionDate "2024.05.31"]
[SourceQuality "1"]
[WhiteTeam "Fredericia"]
[BlackTeam "Skanderborg Nordea"]
[WhiteTeamCountry "DEN"]
[BlackTeamCountry "DEN"]

1. e4 c5 2. Nc3 Nc6 3. Bb5 Nd4 4. Nf3 a6 5. Bd3 g6 6. Nxd4 cxd4 7. Ne2 Bg7 8. 0-0 d5 9. exd5 Qxd5 10. b3 Nh6 11. Ba3 Qd7 12. Ng3 0-0 13. h3 b5 14. Qe2 Re8 15. Bb4 Bb7 16. a4 a5 17. Ba3 b4 18. Bb2 e5 19. Ne4 Bc6 20. Bc4 Nf5 21. c3 Rad8 22. cxb4 d3 23. Qe1 axb4 24. f3 Nd6 25. Bxd3 Nxe4 26. Bxe4 Bxe4 27. Qxe4 Qxd2 28. Rf2 Qd3 29. a5 Qxb3 30. a6 f5 31. Qe2 Bh6 32. Bc1 Bxc1 33. Rxc1 Ra8 34. Qc4+ Qxc4 35. Rxc4 Rxa6 36. Rxb4 Re7 37. Re2 Kf7 38. Kf2 Kf6 39. Reb2 Rae6 40. Rb6 Rxb6 41. Rxb6+ Re6 42. Rb7 h5 43. h4 Rc6 44. Rb2 g5 45. hxg5+ Kxg5 46. Rb5 Rc2+ 47. Kg3 h4+ 48. Kh3 Kf4 49. Rb4+ e4 50. Ra4 Rc1 51. Kh2 Re1 52. Rb4 Ke3 53. fxe4 fxe4 54. g3 hxg3+ 55. Kg2 Kf4 56. Rb2 Rd1 57. Ra2 Rd4 58. Ra8 Rd2+ 59. Kg1 e3 0-1

[Event "Esbjerg 100 Years Weekend"]
[Site "Esbjerg"]
[Date "2022.10.22"]
[Round "4"]
[White "Easwaralingam, Adesh"]
[Black "Pedersen, Nicolai Vesterbaek"]
[Result "1/2-1/2"]
[WhiteElo "2161"]
[BlackElo "2367"]
[PlyCount "45"]
[EventDate "2022.10.21"]
[EventType "swiss"]
[EventRounds "7"]
[EventCountry "DEN"]
[SourceTitle "EXT 2024"]
[Source "ChessBase"]
[SourceDate "2023.10.10"]
[SourceVersion "1"]
[SourceVersionDate "2023.10.10"]
[SourceQuality "1"]

1. e4 Nc6 2. Nf3 d6 3. d4 Nf6 4. Bd3 Bg4 5. c3 e6 6. Nbd2 Be7 7. a4 a5 8. 0-0 0-0 9. Qb3 Qc8 10. h3 Bh5 11. Qc2 e5 12. dxe5 dxe5 13. Nh4 Rd8 14. Nf5 Bg6 15. Nxe7+ Nxe7 16. Nc4 Qe6 17. b3 Rd7 18. Bg5 Rad8 19. Rad1 b6 20. Ne3 Rd6 21. Nc4 R6d7 22. Ne3 Rd6 23. Nc4 1/2-1/2

[Event "Skanderborg Smuk"]
[Site "Skanderborg"]
[Date "2022.08.20"]
[Round "8"]
[White "Nielsen, Viktor Haarmark"]
[Black "Pedersen, Nicolai Vesterbaek"]
[Result "1-0"]
[WhiteElo "2336"]
[BlackElo "2366"]
[PlyCount "79"]
[EventDate "2022.08.13"]
[EventType "tourn"]
[EventRounds "9"]
[EventCountry "DEN"]
[EventCategory "8"]
[SourceTitle "CBM 209 Extra"]
[Source "ChessBase"]
[SourceDate "2022.09.30"]
[SourceVersion "1"]
[SourceVersionDate "2022.09.30"]
[SourceQuality "1"]

1. d4 Nf6 2. c4 g6 3. Nc3 Bg7 4. e4 0-0 5. Nf3 d6 6. Be2 e5 7. Be3 Na6 8. 0-0 exd4 9. Nxd4 Re8 10. f3 c6 11. Qd2 d5 12. cxd5 cxd5 13. e5 Nd7 14. f4 Nb6 15. Ndb5 Bf8 16. Rfd1 Be6 17. b3 Nc5 18. Bf3 a6 19. Nd4 Qe7 20. Qf2 Rac8 21. Rac1 a5 22. Ndb5 Qd8 23. Na7 Ra8 24. Bxc5 Bxc5 25. Qxc5 Rxa7 26. Nb5 Ra6 27. Nc7 a4 28. Nxe8 Qxe8 29. Be2 Nd7 30. Qc8 Ra8 31. Qxe8+ Rxe8 32. bxa4 Nb6 33. Bb5 Ra8 34. Rd4 Nc4 35. Rc3 Kg7 36. Kf2 f6 37. Bxc4 dxc4 38. Rd6 Kf7 39. exf6 Rxa4 40. Re3 1-0

[Event "Skanderborg Smuk"]
[Site "Skanderborg"]
[Date "2022.08.13"]
[Round "6"]
[White "Pedersen, Nicolai Vesterbaek"]
[Black "Roshka, Yevgeniy"]
[Result "1/2-1/2"]
[WhiteElo "2366"]
[BlackElo "2499"]
[PlyCount "141"]
[EventDate "2022.08.13"]
[EventType "tourn"]
[EventRounds "9"]
[EventCountry "DEN"]
[EventCategory "8"]
[SourceTitle "CBM 209 Extra"]
[Source "ChessBase"]
[SourceDate "2022.09.30"]
[SourceVersion "1"]
[SourceVersionDate "2022.09.30"]
[SourceQuality "1"]

1. Nf3 g6 2. g3 Bg7 3. d4 d6 4. Bg2 Nd7 5. e4 e5 6. 0-0 Ne7 7. dxe5 dxe5 8. Qe2 0-0 9. Nc3 Nc6 10. Rd1 Nd4 11. Nxd4 exd4 12. Nb5 c5 13. Nd6 Qe7 14. Nxc8 Raxc8 15. f4 Kh8 16. a4 Rfd8 17. a5 Qe6 18. Bf3 Re8 19. Bd2 c4 20. Bb4 Nb8 21. e5 Rcd8 22. Bc5 f6 23. Bxd4 Nc6 24. Bxc6 Qxc6 25. Bc3 fxe5 26. Rxd8 Rxd8 27. fxe5 Kg8 28. Re1 Bf8 29. Qe4 Bc5+ 30. Kg2 Qe6 31. Rf1 b5 32. axb6 axb6 33. Rf6 Qd5 34. Qxd5+ Rxd5 35. Kf3 Rd1 36. e6 b5 37. Rf4 Rc1 38. Re4 b4 39. Bd4 Be7 40. Re2 Kf8 41. Ke4 b3 42. cxb3 cxb3 43. Re3 Bc5 44. Bxc5+ Rxc5 45. Rxb3 Ke7 46. Rb6 Rc2 47. h4 h5 48. b4 Rc3 49. Ke5 Re3+ 50. Kf4 Rc3 51. b5 Rb3 52. Ke5 Re3+ 53. Kd5 Rd3+ 54. Kc5 Rc3+ 55. Kd5 Rd3+ 56. Kc4 Rxg3 57. Rc6 Rg1 58. b6 Rb1 59. Kd5 Rb5+ 60. Rc5 Rxb6 61. Rc7+ Ke8 62. Rg7 Rb4 63. Kd6 Rd4+ 64. Ke5 Rxh4 65. Rxg6 Rh1 66. Rg8+ Ke7 67. Rg7+ Ke8 68. e7 Re1+ 69. Kf6 Rf1+ 70. Ke6 Re1+ 71. Kf6 1/2-1/2

[Event "Skanderborg Smuk"]
[Site "Skanderborg"]
[Date "2022.08.13"]
[Round "3"]
[White "Solodovnichenko, Yuri"]
[Black "Pedersen, Nicolai Vesterbaek"]
[Result "1-0"]
[WhiteElo "2508"]
[BlackElo "2366"]
[PlyCount "61"]
[EventDate "2022.08.13"]
[EventType "tourn"]
[EventRounds "9"]
[EventCountry "DEN"]
[EventCategory "8"]
[SourceTitle "CBM 209 Extra"]
[Source "ChessBase"]
[SourceDate "2022.09.30"]
[SourceVersion "1"]
[SourceVersionDate "2022.09.30"]
[SourceQuality "1"]

1. e4 e5 2. Nf3 Nc6 3. Bb5 Nf6 4. 0-0 Nxe4 5. d4 Nd6 6. Bxc6 dxc6 7. dxe5 Nf5 8. Qxd8+ Kxd8 9. h3 Bd7 10. Rd1 Kc8 11. g4 Ne7 12. Ng5 Be8 13. f4 h6 14. Ne4 b6 15. f5 c5 16. Bf4 Bc6 17. Nbc3 Kb7 18. Rd2 Re8 19. Re1 Nc8 20. Nd5 b5 21. e6 Bxd5 22. Rxd5 fxe6 23. Re5 Kc6 24. Ng3 Nd6 25. Rxe6 Rxe6 26. Rxe6 Kd5 27. Nh5 c4 28. Be5 Nf7 29. Nf4+ Ke4 30. Bxc7+ Kf3 31. Ng6 1-0

[Event "DEN-chT 2122 59th"]
[Site "Denmark"]
[Date "2022.03.19"]
[Round "8.3"]
[White "Pedersen, Nicolai Vesterbaek"]
[Black "Chatalbashev, Boris"]
[Result "1/2-1/2"]
[WhiteElo "2365"]
[BlackElo "2536"]
[PlyCount "64"]
[EventDate "2021.10.30"]
[EventType "team-tourn"]
[EventRounds "9"]
[EventCountry "DEN"]
[SourceTitle "EXT 2023"]
[Source "ChessBase"]
[SourceDate "2022.10.05"]
[SourceVersion "1"]
[SourceVersionDate "2022.10.05"]
[SourceQuality "1"]
[WhiteTeam "Skanderborg Nordea"]
[BlackTeam "Koge Xtracon"]
[WhiteTeamCountry "DEN"]
[BlackTeamCountry "DEN"]

1. Nf3 g6 2. c4 Bg7 3. Nc3 c5 4. g3 Nc6 5. Bg2 e6 6. h4 h6 7. e3 Nge7 8. d4 cxd4 9. Nxd4 0-0 10. 0-0 a6 11. b3 b5 12. Ba3 Bb7 13. Nxc6 Bxc6 14. Bxc6 dxc6 15. Ne4 Qc7 16. Rc1 Rfd8 17. Qc2 f5 18. Nc3 Kf7 19. Ne2 Qa5 20. Bxe7 Rd2 21. b4 Rxc2 22. bxa5 Rxe2 23. Bb4 Rxa2 24. cxb5 Ra4 25. Bd6 cxb5 26. Rc7+ Kg8 27. Rfc1 Rxa5 28. Rc8+ Rxc8 29. Rxc8+ Kf7 30. Rc7+ Kg8 31. Rc8+ Kh7 32. Rc7 Kg8 1/2-1/2

[Event "Skanderborg Smuk"]
[Site "Skanderborg"]
[Date "2021.08.21"]
[Round "8"]
[White "Solodovnichenko, Yuri"]
[Black "Pedersen, Nicolai Vesterbaek"]
[Result "1/2-1/2"]
[WhiteElo "2561"]
[BlackElo "2369"]
[PlyCount "101"]
[EventDate "2021.08.14"]
[EventType "tourn"]
[EventRounds "9"]
[EventCountry "DEN"]
[EventCategory "8"]
[SourceTitle "CBM 203 Extra"]
[Source "ChessBase"]
[SourceDate "2021.09.30"]
[SourceVersion "1"]
[SourceVersionDate "2021.09.30"]
[SourceQuality "1"]

1. e4 e5 2. Nf3 Nc6 3. Bb5 Nf6 4. d3 d6 5. c4 g6 6. Nc3 Bg7 7. h3 0-0 8. Be3 Nd7 9. Bxc6 bxc6 10. g4 Nb6 11. c5 Nd7 12. Qa4 Bb7 13. 0-0-0 Nxc5 14. Bxc5 dxc5 15. g5 Qd6 16. Qc2 Bc8 17. Na4 f5 18. Nxc5 Qe7 19. d4 exd4 20. e5 Be6 21. Nxd4 Qxg5+ 22. Kb1 Bd5 23. Nde6 Qe7 24. Nxf8 Bxf8 25. Nd3 Bxh1 26. Rxh1 Qd7 27. Nf4 Qd4 28. Qxc6 Rb8 29. Qd5+ Qxd5 30. Nxd5 Rb5 31. Rd1 c6 32. Nf6+ Kf7 33. f4 Rb4 34. Nxh7 Rxf4 35. e6+ Ke8 36. Rd7 Be7 37. Rxa7 Kd8 38. a4 Rh4 39. a5 Rxh7 40. a6 Kc8 41. Rd7 Kb8 42. h4 f4 43. Kc2 f3 44. Kd3 f2 45. Ke2 c5 46. b3 Rg7 47. Kf1 Rh7 48. Rb7+ Ka8 49. Rd7 Kb8 50. Rb7+ Ka8 51. Rd7 1/2-1/2

[Event "Skanderborg Smuk"]
[Site "Skanderborg"]
[Date "2021.08.19"]
[Round "6"]
[White "Nagy, Gabor"]
[Black "Pedersen, Nicolai Vesterbaek"]
[Result "1-0"]
[WhiteElo "2518"]
[BlackElo "2369"]
[PlyCount "63"]
[EventDate "2021.08.14"]
[EventType "tourn"]
[EventRounds "9"]
[EventCountry "DEN"]
[EventCategory "8"]
[SourceTitle "CBM 203 Extra"]
[Source "ChessBase"]
[SourceDate "2021.09.30"]
[SourceVersion "1"]
[SourceVersionDate "2021.09.30"]
[SourceQuality "1"]

1. d4 Nf6 2. Nf3 e6 3. c4 d5 4. e3 a6 5. b3 c5 6. Bb2 Nc6 7. Nbd2 dxc4 8. bxc4 cxd4 9. exd4 Be7 10. Bd3 Nxd4 11. Nxd4 e5 12. 0-0 exd4 13. Nb3 0-0 14. Nxd4 Ng4 15. Be2 Ne5 16. Qb3 Bf6 17. Rad1 Qc7 18. Qg3 Re8 19. Nc2 Nf3+ 20. Bxf3 Qxg3 21. hxg3 Bxb2 22. Rb1 Bf6 23. Ne3 Rb8 24. Rfd1 Bg5 25. c5 Bxe3 26. fxe3 Kf8 27. c6 b5 28. Rbc1 Ke7 29. Bd5 Rb6 30. Kf2 Be6 31. Bxe6 Kxe6 32. c7 1-0

[Event "DEN-chT 2021"]
[Site "Denmark"]
[Date "2020.10.25"]
[Round "2.7"]
[White "Pedersen, Nicolai Vesterbaek"]
[Black "Nielsen, Lars Aaes"]
[Result "1/2-1/2"]
[WhiteElo "2374"]
[BlackElo "2189"]
[PlyCount "37"]
[EventDate "2020.10.24"]
[EventType "team-tourn"]
[EventRounds "9"]
[EventCountry "DEN"]
[SourceTitle "EXT 2025"]
[Source "ChessBase"]
[SourceDate "2024.10.14"]
[SourceVersion "1"]
[SourceVersionDate "2024.10.14"]
[SourceQuality "1"]
[WhiteTeam "Skanderborg"]
[BlackTeam "Nordkalotten"]
[WhiteTeamCountry "DEN"]
[BlackTeamCountry "DEN"]

1. d4 e6 2. Nf3 b6 3. e4 d5 4. Nc3 Bb4 5. exd5 Qxd5 6. Bd3 Nf6 7. 0-0 Bxc3 8. bxc3 Bb7 9. Re1 Nbd7 10. a4 Qh5 11. Be2 Qa5 12. c4 Ne4 13. Bd3 Ndf6 14. Bd2 Nxd2 15. Qxd2 Qxd2 16. Nxd2 0-0 17. a5 Rfd8 18. Nb3 Nd7 19. Ra3 1/2-1/2

[Event "Copenhagen GoAudit op"]
[Site "Copenhagen"]
[Date "2019.11.10"]
[Round "7"]
[White "Nielsen, Viktor Haarmark"]
[Black "Pedersen, Nicolai Vesterbaek"]
[Result "1/2-1/2"]
[WhiteElo "2268"]
[BlackElo "2391"]
[PlyCount "254"]
[EventDate "2019.11.08"]
[EventType "swiss"]
[EventRounds "8"]
[EventCountry "DEN"]
[SourceTitle "EXT 2021"]
[Source "ChessBase"]
[SourceDate "2020.10.23"]
[SourceVersion "1"]
[SourceVersionDate "2020.10.23"]
[SourceQuality "1"]

1. e4 e5 2. Nf3 Nc6 3. Bb5 a6 4. Ba4 Nf6 5. 0-0 Be7 6. Re1 b5 7. Bb3 d6 8. c3 0-0 9. h3 Na5 10. Bc2 c5 11. d4 Nd7 12. Nbd2 exd4 13. cxd4 Nc6 14. d5 Nce5 15. Nxe5 Nxe5 16. a4 Rb8 17. f4 Ng6 18. Nf3 f5 19. exf5 Bxf5 20. Bxf5 Rxf5 21. g4 Rf7 22. f5 Nf8 23. axb5 axb5 24. Ra7 Ra8 25. Rxa8 Qxa8 26. Bg5 Bxg5 27. Nxg5 Ra7 28. Kh2 Ra2 29. Re2 Ra1 30. Qd3 Qa4 31. Qe4 Qd1 32. Kg3 Qg1+ 33. Kh4 h6 34. Ne6 Ra4 35. Qe3 Qxe3 36. Rxe3 Nh7 37. Nc7 b4 38. b3 Ra2 39. Ne8 Ra6 40. Re6 c4 41. bxc4 b3 42. Re1 b2 43. Rb1 Rb6 44. Nc7 Rb3 45. Ne6 Kf7 46. g5 hxg5+ 47. Nxg5+ Nxg5 48. Kxg5 Rg3+ 49. Kf4 Rg2 50. Kf3 Rh2 51. Kg3 Rc2 52. Kf3 Kf6 53. Ke3 Kxf5 54. Kd3 Rh2 55. Kc3 Rxh3+ 56. Kxb2 g5 57. Kc2 g4 58. Rf1+ Ke5 59. Re1+ Kd4 60. Re6 Kc5 61. Rg6 Rg3 62. Kd2 Rg1 63. Kc2 g3 64. Rg4 g2 65. Kb2 Kb4 66. Ka2 Kc3 67. c5 dxc5 68. d6 c4 69. d7 Rd1 70. Rg3+ Kb4 71. Rxg2 Rxd7 72. Rg3 Rd3 73. Rg8 Kc3 74. Rc8 Rd2+ 75. Kb1 Rd1+ 76. Ka2 Rc1 77. Rh8 Rd1 78. Rc8 Re1 79. Rc7 Re4 80. Kb1 Re5 81. Rc8 Rd5 82. Rc7 Rf5 83. Rc8 Rf6 84. Rc7 Rb6+ 85. Kc1 Ra6 86. Kb1 Rg6 87. Rc8 Rg4 88. Rc7 Rg1+ 89. Ka2 Rc1 90. Rh7 Rd1 91. Rc7 Rd4 92. Kb1 Rh4 93. Rc8 Rh3 94. Rc7 Rh4 95. Rc8 Rh5 96. Rc7 Rf5 97. Rc8 Rf1+ 98. Ka2 Rd1 99. Rc7 Rd8 100. Kb1 Rb8+ 101. Kc1 Ra8 102. Kb1 Ra4 103. Rh7 Kb3 104. Rb7+ Kc3 105. Rh7 Ra5 106. Rh3+ Kb4 107. Kc2 Ra2+ 108. Kc1 Rg2 109. Rf3 Rg1+ 110. Kc2 Rg2+ 111. Kc1 Ra2 112. Rh3 Ra5 113. Rg3 Rd5 114. Kc2 Ra5 115. Rh3 Ra2+ 116. Kc1 c3 117. Rh8 Ra5 118. Rb8+ Rb5 119. Rxb5+ Kxb5 120. Kc2 Kb4 121. Kc1 Kc5 122. Kc2 Kd4 123. Kc1 Ke3 124. Kc2 Kd4 125. Kc1 Kd3 126. Kd1 c2+ 127. Kc1 Kc3 1/2-1/2

[Event "Copenhagen GoAudit op"]
[Site "Copenhagen"]
[Date "2019.11.10"]
[Round "8"]
[White "Pedersen, Nicolai Vesterbaek"]
[Black "Hoi, Carsten"]
[Result "1-0"]
[WhiteElo "2391"]
[BlackElo "2317"]
[PlyCount "65"]
[EventDate "2019.11.08"]
[EventType "swiss"]
[EventRounds "8"]
[EventCountry "DEN"]
[SourceTitle "EXT 2021"]
[Source "ChessBase"]
[SourceDate "2020.10.23"]
[SourceVersion "1"]
[SourceVersionDate "2020.10.23"]
[SourceQuality "1"]

1. c4 Nf6 2. Nc3 g6 3. d4 Bg7 4. e4 d6 5. f3 0-0 6. Nge2 c6 7. Be3 Nbd7 8. Ng3 e5 9. d5 cxd5 10. cxd5 a6 11. Be2 h5 12. Bg5 b5 13. Qd2 Qb6 14. Be3 Qd8 15. Bg5 Qb6 16. Be3 Qd8 17. Bd3 Nc5 18. Bc2 Bd7 19. b4 Na4 20. Nxa4 bxa4 21. 0-0 h4 22. Ne2 Nh5 23. Rac1 Kh7 24. Bg5 f6 25. Be3 g5 26. g4 hxg3 27. hxg3 g4 28. f4 exf4 29. Nxf4 Nxf4 30. Bxf4 Kg8 31. Bxd6 Re8 32. e5 fxe5 33. Bc7 1-0

[Event "Esbjerg Autumn 2nd"]
[Site "Esbjerg"]
[Date "2019.10.18"]
[Round "2"]
[White "Bonnelykke, Ole"]
[Black "Pedersen, Nicolai Vesterbaek"]
[Result "0-1"]
[WhiteElo "2042"]
[BlackElo "2397"]
[PlyCount "52"]
[EventDate "2019.10.18"]
[EventType "swiss"]
[EventRounds "7"]
[EventCountry "DEN"]
[SourceTitle "CBM 192 Extra"]
[Source "Chessbase"]
[SourceDate "2019.11.06"]
[SourceVersion "1"]
[SourceVersionDate "2019.11.06"]
[SourceQuality "1"]

1. e4 e5 2. f4 exf4 3. Nf3 Ne7 4. Bc4 d5 5. exd5 Nxd5 6. Nc3 Be6 7. Qe2 Be7 8. d4 c6 9. Bd2 0-0 10. 0-0-0 Nxc3 11. Bxc3 Bxc4 12. Qxc4 Qd5 13. Qe2 Bd6 14. Kb1 Nd7 15. Ne5 Nb6 16. Qf2 Na4 17. g3 Nxc3+ 18. bxc3 Qb5+ 19. Ka1 Bxe5 20. dxe5 Qxe5 21. Rd4 fxg3 22. hxg3 Rae8 23. Kb2 Re6 24. g4 c5 25. Rd3 Rb6+ 26. Ka1 c4 0-1

[Event "Skanderborg Smuk-A"]
[Site "Skanderborg"]
[Date "2019.08.25"]
[Round "4"]
[White "Pedersen, Nicolai Vesterbaek"]
[Black "Fries Nielsen, Jens Ove"]
[Result "1-0"]
[WhiteElo "2389"]
[BlackElo "2351"]
[PlyCount "69"]
[EventDate "2019.08.23"]
[EventType "tourn"]
[EventRounds "5"]
[EventCountry "DEN"]
[EventCategory "5"]
[SourceTitle "EXT 2021"]
[Source "ChessBase"]
[SourceDate "2020.10.23"]
[SourceVersion "1"]
[SourceVersionDate "2020.10.23"]
[SourceQuality "1"]

1. d4 d6 2. e4 Nf6 3. Nc3 b6 4. e5 dxe5 5. Qf3 e4 6. Nxe4 c6 7. c3 Nxe4 8. Qxe4 Qd5 9. Qf4 g6 10. Nf3 Bg7 11. Bd3 Ba6 12. Bxa6 Nxa6 13. 0-0 0-0 14. Qh4 Rfe8 15. Re1 f6 16. Bh6 Rad8 17. Bxg7 Kxg7 18. Re3 e6 19. b3 c5 20. Rae1 cxd4 21. Nxd4 e5 22. f4 e4 23. f5 g5 24. Qh5 Nc7 25. Rh3 Rh8 26. Qh6+ Kf7 27. Rhe3 Rde8 28. h4 gxh4 29. Qxh4 h5 30. Rxe4 Rxe4 31. Rxe4 Qc5 32. c4 Ne8 33. Kh1 Nd6 34. Re6 Rh6 35. Qf4 1-0

[Event "Skanderborg Smuk-A"]
[Site "Skanderborg"]
[Date "2019.08.23"]
[Round "1"]
[White "Pedersen, Nicolai Vesterbaek"]
[Black "Rostgaard, Tobias Valentin"]
[Result "1-0"]
[WhiteElo "2389"]
[BlackElo "2383"]
[PlyCount "85"]
[EventDate "2019.08.23"]
[EventType "tourn"]
[EventRounds "5"]
[EventCountry "DEN"]
[EventCategory "5"]
[SourceTitle "EXT 2021"]
[Source "ChessBase"]
[SourceDate "2020.10.23"]
[SourceVersion "1"]
[SourceVersionDate "2020.10.23"]
[SourceQuality "1"]

1. e4 e5 2. Nf3 Nc6 3. Bb5 a6 4. Ba4 Nf6 5. 0-0 Be7 6. d3 d6 7. c3 0-0 8. Re1 Re8 9. Nbd2 Bf8 10. Nf1 h6 11. Ng3 b5 12. Bc2 d5 13. exd5 Qxd5 14. Bb3 Qd6 15. Nh4 Rd8 16. Nh5 Na5 17. Bc2 g6 18. Nxf6+ Qxf6 19. Nf3 Nc6 20. Qe2 Bb7 21. Be3 Re8 22. Qf1 Kh7 23. h3 Bd6 24. Nh2 Qh4 25. Bb3 f5 26. Bd5 f4 27. Bd2 Bc5 28. b4 Bb6 29. a4 Rad8 30. Be4 Qf6 31. Nf3 Bc8 32. axb5 axb5 33. Bxc6 Qxc6 34. Nxe5 Qf6 35. d4 c6 36. Ra8 Re7 37. Re4 Bf5 38. Rxd8 Bxe4 39. Nd7 Qf5 40. Nxb6 f3 41. g4 Qe6 42. Qe1 h5 43. Qe3 1-0

[Event "DEN-chT 1819 57th"]
[Site "Denmark"]
[Date "2019.02.24"]
[Round "7.2"]
[White "Vinter Schou, Uffe"]
[Black "Pedersen, Nicolai Vesterbaek"]
[Result "1-0"]
[WhiteElo "2341"]
[BlackElo "2396"]
[PlyCount "99"]
[EventDate "2018.10.27"]
[EventType "team-tourn"]
[EventRounds "9"]
[EventCountry "DEN"]
[SourceTitle "CBM 189 Extra"]
[Source "ChessBase"]
[SourceDate "2019.05.31"]
[SourceVersion "1"]
[SourceVersionDate "2019.05.31"]
[SourceQuality "1"]
[WhiteTeam "Aarhus/Skolerne"]
[BlackTeam "Skanderborg Nordea"]
[WhiteTeamCountry "DEN"]
[BlackTeamCountry "DEN"]

1. e4 e6 2. d4 d5 3. e5 c5 4. c3 Qb6 5. Nf3 Nc6 6. Be2 Nh6 7. Bxh6 gxh6 8. Qd2 Bg7 9. 0-0 Bd7 10. Na3 0-0-0 11. Nc2 Rhf8 12. b4 cxd4 13. cxd4 f6 14. exf6 Rxf6 15. a4 Ne7 16. Ne3 Ng6 17. g3 Rxf3 18. Bxf3 Qxd4 19. Qxd4 Bxd4 20. Ra3 Kb8 21. Rd1 Ne5 22. Be2 Bb6 23. a5 Bc7 24. f4 Nc6 25. Nc2 Bd6 26. Rb3 Rc8 27. Bd3 e5 28. Bxh7 exf4 29. gxf4 Bxf4 30. Rbd3 Rh8 31. Rf1 Bc7 32. Bf5 Ne5 33. Rg3 Ba4 34. Nd4 Bd6 35. Ra1 Bc6 36. Rb1 h5 37. Rg7 Ng4 38. Rg6 Bxh2+ 39. Kg2 Be8 40. Re6 Bf4 41. Kf3 Bc7 42. Rbe1 Bf7 43. Re7 Nh6 44. Bh3 Bg6 45. a6 Rf8+ 46. Ke2 Rf4 47. Ne6 Re4+ 48. Kd1 Rxe1+ 49. Kxe1 Bg3+ 50. Ke2 1-0

[Event "DEN-chT 1819 57th"]
[Site "Denmark"]
[Date "2018.10.27"]
[Round "1.3"]
[White "Jacobsen, Mikkel Manosri"]
[Black "Pedersen, Nicolai Vesterbaek"]
[Result "1-0"]
[WhiteElo "2314"]
[BlackElo "2396"]
[PlyCount "58"]
[EventDate "2018.10.27"]
[EventType "team-tourn"]
[EventRounds "9"]
[EventCountry "DEN"]
[SourceTitle "CBM 187 Extra"]
[Source "ChessBase"]
[SourceDate "2018.11.04"]
[SourceVersion "1"]
[SourceVersionDate "2018.11.04"]
[SourceQuality "1"]
[WhiteTeam "BMS"]
[BlackTeam "Skanderborg Nordea"]
[WhiteTeamCountry "DEN"]
[BlackTeamCountry "DEN"]

1. d4 Nf6 2. c4 e6 3. Nf3 d5 4. e3 b6 5. b3 Ba6 6. Nbd2 c5 7. Bb2 Be7 8. dxc5 bxc5 9. Ne5 Qb6 10. Qc2 0-0 11. Bd3 Bb7 12. g4 d4 13. Rg1 Qd6 14. exd4 cxd4 15. Ndf3 Nc6 16. Nxc6 Bxc6 17. Nxd4 Qxh2 18. 0-0-0 Qf4+ 19. Kb1 Be4 20. f3 Bxd3 21. Rxd3 Bc5 22. g5 Nh5 23. Rh1 Qxg5 24. f4 Qg6 25. f5 exf5 26. Nf3 Nf4 27. Ne5 Qg5 28. Qh2 h6 29. Rg3 Qf6 1-0

[Event "DEN-chT 1718 56th"]
[Site "Denmark"]
[Date "2018.03.10"]
[Round "8.1"]
[White "Sylvan, Jacob"]
[Black "Pedersen, Nicolai Vesterbaek"]
[Result "1/2-1/2"]
[WhiteElo "2360"]
[BlackElo "2392"]
[PlyCount "30"]
[EventDate "2017.11.18"]
[EventType "team-tourn"]
[EventRounds "9"]
[EventCountry "DEN"]
[SourceTitle "EXT 2019"]
[Source "ChessBase"]
[SourceDate "2018.10.10"]
[SourceVersion "1"]
[SourceVersionDate "2018.10.10"]
[SourceQuality "1"]
[WhiteTeam "Nordkalotten"]
[BlackTeam "Skanderborg Nordea"]
[WhiteTeamCountry "DEN"]
[BlackTeamCountry "DEN"]

1. e4 e5 2. Nf3 Nc6 3. Bb5 Nf6 4. 0-0 Nxe4 5. Re1 Nd6 6. Nxe5 Be7 7. Bf1 Nxe5 8. Rxe5 0-0 9. d4 Bf6 10. Re1 Nf5 11. c3 d5 12. Na3 b6 13. Bd3 Be6 14. Nc2 c5 15. Ne3 Nxe3 1/2-1/2